Nintendo Consoles Quiz - Statistics

General Stats
  • This quiz has been taken 51 times
  • The average score is 12 of 14
Answer Stats
Year Console % Correct
2017 Nintendo Switch
97%
2006 Nintendo Wii
95%
1989 Game Boy
92%
1996 Nintendo 64
90%
2004 Nintendo DS
90%
2011 Nintendo 3DS
87%
2012 Nintendo Wii U
87%
1990 Super Nintendo Entertainment System
85%
1983 Nintendo Entertainment System
82%
2001 Nintendo GameCube
79%
2001 Game Boy Advance
74%
1998 Game Boy Color
72%
2019 Nintendo Switch Lite
64%
1995 Virtual Boy
64%
No matching quizzes found
Score Distribution
Percent of People with Each Score
Percentile by Number Answered
Your Score History
You have not taken this quiz